000 00461nam a2200181Ia 4500
001 13035
005 20260306163024.0
008 260306t2013||||xx |||||||||||||| ||spa||
041 _aESP
082 _aRD 657.003
_bC15
100 _aCadena, Richard J.
_eAUT
245 0 _aDictionary of specialized accounting and finance terminology
260 _c2013
300 _a353 páginas :
_c22 cm.
650 _aGEN
654 _aCCO
942 _cLIB
_dJUS
_fJUS
_2ddc
_n
999 _c13035
_d13035